The Predators' Ball (Record no. 22099)

MARC details
000 -LEADER
fixed length control field 00741nam a22002417a 4500
003 - CONTROL NUMBER IDENTIFIER
control field IBSLLIB
005 - DATE AND TIME OF LATEST TRANSACTION
control field 20260511081600.0
008 - FIXED-LENGTH DATA ELEMENTS--GENERAL INFORMATION
fixed length control field 260511b |||||||| |||| 00| 0 eng d
020 ## - INTERNATIONAL STANDARD BOOK NUMBER
International Standard Book Number 0140120904
040 ## - CATALOGING SOURCE
Original cataloging agency IBSLLIB
Language of cataloging English
041 ## - LANGUAGE CODE
Language code of original English
082 ## - DEWEY DECIMAL CLASSIFICATION NUMBER
Classification number 336.2
Item number BRU
100 ## - MAIN ENTRY--PERSONAL NAME
Personal name Bruck , Connie
245 ## - TITLE STATEMENT
Title The Predators' Ball
Remainder of title The Inside Story Of Drexel Burnham and The Rise Of The Junk Bond Raiders
260 ## - PUBLICATION, DISTRIBUTION, ETC. (IMPRINT)
Place of publication, distribution, etc. USA :
Name of publisher, distributor, etc. Penguin ,
Date of publication, distribution, etc. 1988
300 ## - PHYSICAL DESCRIPTION
Extent 402 P ;
Dimensions 20 cm
653 ## - INDEX TERM--UNCONTROLLED
Uncontrolled term Consolidation and Merger Of Corporations - United States
653 ## - INDEX TERM--UNCONTROLLED
Uncontrolled term Junk Bonds - United States
653 ## - INDEX TERM--UNCONTROLLED
Uncontrolled term Milken , Michael
653 ## - INDEX TERM--UNCONTROLLED
Uncontrolled term Drexel Burnham Lambert Incorporated
653 ## - INDEX TERM--UNCONTROLLED
Uncontrolled term Stockbrokers - United States
942 ## - ADDED ENTRY ELEMENTS (KOHA)
Koha item type Lending Book
Holdings
Withdrawn status Lost status Damaged status Not for loan Collection code Permanent Location Current Location Shelving location Date acquired Source of acquisition Inventory number Full call number Barcode Koha item type
        Lending Collection IBSL Library IBSL Library Lending Section 30/04/2026 Donations 10914 336.2 BRU 10914 Lending Book
Copyright © 2024 IBSL Library, All rights reserved.
mail to: library@ibsl.lk | Contact: 0112425735 | Library Address: IBSL Library, 80A, Elvitigala Mawatha, Colombo 008